000 00552nam a22001817a 4500
005 20130911142138.0
010 _aENG-108304
020 _a9789380875255
_c175.00
035 _aEN-91837
037 _bDBAD/PUB
082 _a305.48
100 _aRanade, Pratibha
245 1 0 _aBehind the veil :
_cby Pratibha Ranade
_bin search of truth /
260 _aPune
_bParam Mitra Publications
_c2012
270 _a6, Rajdurga, B Cabin road, Naupada, Thane
_bPune
_e400602
300 _avi,134p.
_c22cm(pbk)
942 _2ddc
_cEN
_mRAN
_h305.48
999 _c78501
_d78501